| 000 | 00665nam a2200241Ia 4500 | ||
|---|---|---|---|
| 003 | OSt | ||
| 005 | 20221005084440.0 | ||
| 006 | a|||||r|||| 00| 0 | ||
| 007 | ta | ||
| 008 | 221004b |||||||| |||| 00| 0 eng d | ||
| 024 | _a122545 | ||
| 037 |
_bGift, 29/10/2012, _cTextual |
||
| 040 |
_aCRL _cCRL _beng |
||
| 041 |
_2eng _aeng |
||
| 082 | _aO111,3NDA,1, G5 | ||
| 100 |
_aDay Clarence _9613322 |
||
| 245 | 0 | _aLife with father | |
| 260 |
_aNew York _bAlfred A Knopf USA _c1935 |
||
| 300 |
_a258p. _ccm. |
||
| 650 | _aENGLISH LITERATURE | ||
| 942 |
_hO111,3NDA,1, G5 _cTEXL _2cc |
||
| 999 |
_c992611 _d992611 |
||